00776nam a2200169 a 450000100100000000500170001000800410002704000250006808200150009324500950010826000960020330000200029959000750031904900090039495201860040399900170058900003572420200930074548.0111109s19uu dr 000 0 spa d aDO-SdBNPbspacBNPHU axxxxbD29503aLa declaración de la independencia la constitución de los estados Unidos de América. a[New York] :bServicios Informativo y Cultural de los Estados Unidos de América,cs. f.]. a40 p. ;c21 cm. aPerteneció a la biblioteca personal de Juan Isidro Jimenes Grullón aBNGR 0010718PDaGRbGRcCTd2011-11-09iLF1l0oxxxx D295p35724-10r2020-06-25w2020-06-25yLFPDzPerteneció a la biblioteca personal de Juan Isidro Jimenes GrullónZNo se presta c35215d35215